000 00552nam a22002057a 4500
005 20230628070441.0
008 230427b |||||||| |||| 00| 0 eng d
020 _a9780008291464
_qPaperback
040 _aCBULib
_cCBULib
041 _aeng
050 _aRC 406.Q33 Rei
100 _aReid, Melainie
245 _aThe world I fell out of
_c/ by Melanie Reid
260 _aLondon,
_bHarperCollins,
_c2020
300 _axvi, 384 pages : illustrations
650 _aQUADRIPLEGICS
650 _aGREAT BRITAIN
700 _aMarr, Andrew
942 _c002
999 _c77455
_d77455